000 00546nam a2200229Ia 4500
003 OSt
005 20220924152345.0
006 a|||||r|||| 00| 0
007 ta
008 220923b |||||||| |||| 00| 0 mar d
024 _a342209
037 _cTextual
040 _aARTS
_cARTS
_bmar
041 _2mar
_amar
082 _aQ2:25, 35J5
100 _aAstottara
_9226490
245 0 _aSatopanishadaha
260 _c1955
650 _aRELIGION
942 _hQ2:25, 35J5
_cTEXL
_2CC
999 _c469597
_d469597